[Event "Interclubs"]
[Site "Montreal CAN"]
[Date "1996.04.05"]
[Round "4"]
[White "Boulay, David"]
[Black "Teuton, Frank"]
[Result "0-1"]
[WhiteElo "1954"]
[BlackElo "2178"]
[PlyCount "72"]
[EventDate "1996.03.01"]
[EventType "team"]
[EventRounds "5"]
[EventCountry "CAN"]

1. e4 c6 2. d4 g6 3. Nc3 d5 4. Nf3 Bg7 5. exd5 cxd5 6. Bb5+ Nc6 7. Ne5 Bd7 8.
Nxd7 Qxd7 9. O-O Nh6 10. Na4 O-O 11. Re1 Nf5 12. c3 e6 13. Bf4 b6 14. b3 Nd6
15. Bd3 Rfe8 16. Qc1 Rac8 17. Ba6 Rc7 18. Qa3 Bf8 19. Qb2 f6 20. c4 Nb4 21.
Bxd6 Qxd6 22. Bb5 Rec8 23. c5 bxc5 24. dxc5 Rxc5 25. Nxc5 Rxc5 26. a4 Nc2 27.
Rad1 Nxe1 28. Rxe1 e5 29. Rd1 Kg7 30. Qd2 d4 31. Qa5 Qe7 32. h3 e4 33. Qe1 Qe5
34. Rc1 Rxc1 35. Qxc1 Bd6 36. Kf1 Qh2 0-1

[Event "Interclubs"]
[Site "Sherbrooke CAN"]
[Date "1996.11.10"]
[Round "1"]
[White "Beaudry, Marc-Andre"]
[Black "Lacombe, Stephane"]
[Result "1/2-1/2"]
[WhiteElo "2017"]
[BlackElo "1858"]
[PlyCount "109"]
[EventDate "1996.11.10"]
[EventType "team"]
[EventRounds "2"]
[EventCountry "CAN"]

1. c4 e6 2. Nf3 d5 3. g3 c6 4. b3 f5 5. Bb2 Nf6 6. Bg2 Be7 7. O-O O-O 8. d3 Bd7
9. Nbd2 Be8 10. Qc2 Nbd7 11. Ng5 Bf7 12. e4 h6 13. Nxf7 Rxf7 14. Rae1 Bb4 15.
e5 Ne8 16. a3 Bxd2 17. Qxd2 Nc7 18. d4 Nb6 19. c5 Nd7 20. Rc1 g5 21. f4 g4 22.
a4 h5 23. Kf2 h4 24. Rh1 Rh7 25. Rcg1 a6 26. Qc3 h3 27. Bf1 Nf8 28. Qd2 Ng6 29.
Bc3 Qd7 30. Ba5 Rb8 31. Bd3 Ne7 32. Rb1 Rf7 33. Rhc1 Nc8 34. Qe2 Kf8 35. b4 Ke8
36. b5 axb5 37. axb5 Ra8 38. Bb6 Kf8 39. bxc6 bxc6 40. Rc2 Kg8 41. Ra2 Rxa2 42.
Qxa2 Kf8 43. Qa5 Re7 44. Bxc7 Qxc7 45. Qa8 Re8 46. Rb8 Qa7 47. Ba6 Qxa8 48.
Rxa8 Ne7 49. Ra7 Kg8 50. Rd7 Kf7 51. Ra7 Kf8 52. Rd7 Rb8 53. Ra7 Rb2+ 54. Be2
Rb8 55. Ra1 1/2-1/2

[Event "Interclubs"]
[Site "Sherbrooke CAN"]
[Date "1996.11.10"]
[Round "2"]
[White "Lacombe, Stephane"]
[Black "Beaudry, Marc-Andre"]
[Result "0-1"]
[WhiteElo "1858"]
[BlackElo "2017"]
[PlyCount "88"]
[EventDate "1996.11.10"]
[EventType "team"]
[EventRounds "2"]
[EventCountry "CAN"]

1. e4 e6 2. d4 d5 3. exd5 exd5 4. Nf3 Bd6 5. Bd3 Ne7 6. O-O Bg4 7. Re1 Nbc6 8.
c3 Qd7 9. Bg5 O-O-O 10. Nbd2 f6 11. Bh4 Nf5 12. Qc2 Nce7 13. Bg3 Nxg3 14. hxg3
g5 15. Re2 h5 16. Rae1 Kb8 17. c4 dxc4 18. Qxc4 Nc8 19. Ne4 Be7 20. Rc2 h4 21.
Re3 hxg3 22. Nxg3 Nb6 23. Qf7 Nd5 24. Re4 Bxf3 25. gxf3 Qh3 26. Rxc7 Kxc7 27.
Rxe7+ Nxe7 28. Qxe7+ Qd7 29. Qxf6 Qxd4 30. Qxd4 Rxd4 31. Bf5 Rd2 32. Ne4 Rxb2
33. Be6 Re8 34. Bb3 Rxe4 35. fxe4 Kd6 36. Kg2 Ke5 37. Kf3 b5 38. Ke3 a5 39. f3
a4 40. Bd5 b4 41. Kd3 Rf2 42. Ke3 Rc2 43. Bg8 Rc3+ 44. Ke2 Kf4 0-1

[Event "Jonquiere op"]
[Site "Jonquiere CAN"]
[Date "1996.10.20"]
[Round "4"]
[White "Filiatrault, Alexandre"]
[Black "Fortier, Marc-Andre"]
[Result "0-1"]
[WhiteElo "1424"]
[BlackElo "1730"]
[PlyCount "52"]
[EventDate "1996.10.19"]
[EventType "swiss"]
[EventRounds "4"]
[EventCountry "CAN"]

1. e4 c5 2. Nf3 Nc6 3. d4 cxd4 4. Nxd4 Nf6 5. Nc3 d6 6. Bg5 Qb6 7. Nb3 Be6 8.
Be3 Qd8 9. Be2 g6 10. f4 Bg7 11. O-O a6 12. f5 Bd7 13. g4 gxf5 14. exf5 h6 15.
h4 Ne5 16. g5 hxg5 17. hxg5 Bc6 18. gxf6 Bxf6 19. Nd5 Rg8+ 20. Kh2 e6 21. Bb6
Nf3+ 22. Rxf3 Be5+ 23. Kh3 Qg5 24. Nc7+ Ke7 25. f6+ Kf8 26. Nxe6+ fxe6 0-1

[Event "Kingston CC - Queen's CC"]
[Site "Kingston CAN"]
[Date "1996.??.??"]
[Round "?"]
[White "Belczewski, Ron"]
[Black "Green, Peter"]
[Result "1-0"]
[WhiteElo "1643"]
[BlackElo "1759"]
[PlyCount "47"]
[EventDate "1996.??.??"]
[EventType "team"]
[EventRounds "1"]
[EventCountry "CAN"]

1. e4 e6 2. d4 d5 3. Nd2 c5 4. exd5 Qxd5 5. Ngf3 cxd4 6. Bc4 Qd6 7. O-O Nc6 8.
Nb3 Nf6 9. Nbxd4 Nxd4 10. Nxd4 a6 11. Re1 Qc7 12. Bb3 Bd6 13. h3 O-O 14. Bg5
Bh2+ 15. Kh1 Be5 16. c3 Rd8 17. Bc2 b6 18. Qd3 Bb7 19. Bxf6 Bxf6 20. Qxh7+ Kf8
21. Rxe6 fxe6 22. Nxe6+ Ke7 23. Nxc7 Rh8 24. Qf5 1-0

[Event "Kingston op"]
[Site "Kingston CAN"]
[Date "1996.??.??"]
[Round "?"]
[White "Sibbald, Peter"]
[Black "McKay, Geoff"]
[Result "1/2-1/2"]
[WhiteElo "2050"]
[BlackElo "2114"]
[PlyCount "84"]
[EventDate "1996.02.17"]
[EventType "swiss"]
[EventRounds "5"]
[EventCountry "CAN"]

1. e4 e5 2. f4 exf4 3. Nf3 Be7 4. Bc4 Nf6 5. e5 Ng4 6. O-O Nc6 7. d4 d5 8. Bb3
Ne3 9. Bxe3 fxe3 10. Nc3 Be6 11. Qd3 O-O 12. Qxe3 Na5 13. Ne2 Nxb3 14. axb3 a6
15. Nf4 Qd7 16. Rad1 Bg4 17. c4 c6 18. Rd3 Bxf3 19. Qxf3 Bg5 20. Nh5 Qe6 21.
Qg3 Qg6 22. Qf3 Rad8 23. Ng3 f6 24. e6 f5 25. Re1 f4 26. Nf1 Rfe8 27. Rd2 Rxe6
28. Rxe6 Qxe6 29. Re2 Qf6 30. Re5 dxc4 31. Nd2 Rxd4 32. Re8+ Kf7 33. Ne4 Qg6
34. Re5 h6 35. h4 Bxh4 36. Qxf4+ Bf6 37. Rf5 Rd5 38. Qc7+ Kg8 39. Nxf6+ gxf6
40. Qc8+ Kg7 41. Rxd5 cxd5 42. bxc4 dxc4 1/2-1/2

[Event "Kingston op"]
[Site "Kingston CAN"]
[Date "1996.02.17"]
[Round "1"]
[White "Pacey, Kevin"]
[Black "Fodor, John"]
[Result "1/2-1/2"]
[WhiteElo "2260"]
[BlackElo "2027"]
[PlyCount "46"]
[EventDate "1996.02.17"]
[EventType "swiss"]
[EventRounds "5"]
[EventCountry "CAN"]

1. e4 c5 2. Nf3 d6 3. d4 cxd4 4. Nxd4 Nf6 5. Nc3 g6 6. Be2 Bg7 7. O-O O-O 8.
Re1 Nc6 9. Nb3 Be6 10. Bf1 a5 11. a4 Rc8 12. Nd5 Bxd5 13. exd5 Nxd5 14. Qxd5
Nb4 15. Qxa5 Qxa5 16. Nxa5 Nxc2 17. Be3 Nxe1 18. Rxe1 Bxb2 19. Rb1 Bc3 20. Nxb7
Ra8 21. Rb3 Rfc8 22. Rxc3 Rxc3 23. a5 Rb3 1/2-1/2

[Event "Kingston op"]
[Site "Kingston CAN"]
[Date "1996.02.17"]
[Round "2"]
[White "Rodgers, Ron"]
[Black "Pacey, Kevin"]
[Result "0-1"]
[WhiteElo "2066"]
[BlackElo "2260"]
[PlyCount "66"]
[EventDate "1996.02.17"]
[EventType "swiss"]
[EventRounds "5"]
[EventCountry "CAN"]

1. c4 e5 2. g3 Nc6 3. Bg2 f5 4. e3 Nf6 5. Nc3 g6 6. d4 e4 7. Nge2 Nb4 8. O-O
Nd3 9. a3 Nxc1 10. Rxc1 Bg7 11. b4 O-O 12. Qb3 Kh8 13. Rfd1 d6 14. d5 a6 15.
Nd4 Qe7 16. Nce2 g5 17. h3 Ne8 18. a4 Be5 19. Qc2 h5 20. f4 exf3 21. Bxf3 Ng7
22. Bg2 Bxd4 23. exd4 f4 24. gxf4 gxf4 25. Rf1 f3 26. Rxf3 Rxf3 27. Bxf3 Qe3+
28. Kg2 Bxh3+ 29. Kxh3 Qxf3+ 30. Kh2 Qf2+ 31. Kh1 Nf5 32. Qe4 Rg8 33. Rc2 Rg1+
0-1

[Event "Kingston op"]
[Site "Kingston CAN"]
[Date "1996.02.17"]
[Round "3"]
[White "Pacey, Kevin"]
[Black "Armstrong, John"]
[Result "0-1"]
[WhiteElo "2260"]
[BlackElo "2201"]
[PlyCount "64"]
[EventDate "1996.02.17"]
[EventType "swiss"]
[EventRounds "5"]
[EventCountry "CAN"]

1. e4 Nc6 2. d4 d5 3. e5 Bf5 4. c3 e6 5. Ne2 f6 6. f4 Be7 7. Ng3 Bxb1 8. Rxb1
f5 9. Bd3 Nh6 10. Qh5+ Nf7 11. Nxf5 exf5 12. e6 g6 13. exf7+ Kxf7 14. Qf3 h5
15. O-O Bf6 16. Be3 Qd7 17. c4 Ne7 18. c5 c6 19. b4 a6 20. a4 Rhe8 21. Rb3 Ng8
22. Rfb1 Bd8 23. b5 axb5 24. axb5 Nf6 25. h3 Ne4 26. g3 Qe6 27. Be2 Bf6 28. Rd1
Ra2 29. bxc6 bxc6 30. Rb7+ Kg8 31. Rd3 Nd2 32. Qf2 Nc4 0-1

[Event "Kingston op"]
[Site "Kingston CAN"]
[Date "1996.02.18"]
[Round "4"]
[White "Sibbald, Peter"]
[Black "Pacey, Kevin"]
[Result "0-1"]
[WhiteElo "2050"]
[BlackElo "2260"]
[PlyCount "58"]
[EventDate "1996.02.17"]
[EventType "swiss"]
[EventRounds "5"]
[EventCountry "CAN"]

1. e4 e5 2. f4 exf4 3. Nf3 g5 4. h4 g4 5. Ne5 Nc6 6. Nxg4 Be7 7. Bc4 Bxh4+ 8.
Kf1 Qg5 9. d4 d5 10. Be2 dxe4 11. Nc3 e3 12. Nh2 Qd8 13. Nf3 Bf6 14. Bb5 Nge7
15. Ne4 Bg7 16. c3 Bf5 17. Neg5 h6 18. Nh3 Qd6 19. b3 O-O-O 20. a4 Bg4 21. Ba3
Qf6 22. Qe1 Nf5 23. Nxf4 Nfxd4 24. Nxd4 Qxf4+ 25. Nf3 Bxf3 26. gxf3 Qxf3+ 27.
Kg1 Rd2 28. Rh2 Rxh2 29. Kxh2 Be5+ 0-1

[Event "Kingston op"]
[Site "Kingston CAN"]
[Date "1996.02.18"]
[Round "5"]
[White "Marshall, Peter"]
[Black "Pacey, Kevin"]
[Result "1/2-1/2"]
[WhiteElo "2140"]
[BlackElo "2260"]
[PlyCount "66"]
[EventDate "1996.02.17"]
[EventType "swiss"]
[EventRounds "5"]
[EventCountry "CAN"]

1. c4 e6 2. d4 Nf6 3. Nc3 Bb4 4. Bg5 h6 5. Bh4 c5 6. e3 Qa5 7. Qc2 Ne4 8. Rc1
cxd4 9. exd4 Nd6 10. Bd3 Qxa2 11. c5 Nf5 12. Bxf5 exf5 13. Qxf5 O-O 14. Nge2
Bxc3+ 15. bxc3 Re8 16. Qc2 Qc4 17. f3 d6 18. Kf2 dxc5 19. Rhe1 Nc6 20. Kg1 Be6
21. Bf2 Rad8 22. dxc5 Ne5 23. Red1 Nd3 24. Rb1 Nxf2 25. Kxf2 Qxc5+ 26. Nd4 Rxd4
27. Rxd4 Bf5 28. Qa4 Qe5 29. Rbd1 b5 30. Qa2 Qe3+ 31. Kf1 Be6 32. Qf2 Qxc3 33.
Kg1 a5 1/2-1/2

[Event "Kitchener Fall op"]
[Site "Kitchener CAN"]
[Date "1996.11.24"]
[Round "5"]
[White "Farley, Rawle"]
[Black "Knechtel, Tim"]
[Result "1-0"]
[WhiteElo "1836"]
[BlackElo "1964"]
[PlyCount "77"]
[EventDate "1996.11.23"]
[EventType "swiss"]
[EventRounds "5"]
[EventCountry "CAN"]
[Source "CFC"]
[SourceDate "1997.02.01"]

1. d4 g6 2. c4 Bg7 3. Nc3 d6 4. e4 Nc6 5. Be3 e5 6. d5 Nce7 7. f3 f5 8. Qd2 f4
9. Bf2 g5 10. O-O-O b6 11. Kb1 Ng6 12. Nge2 h5 13. g3 Bh6 14. Qc2 Bd7 15. Nc1
Nf6 16. Nd3 a5 17. Be2 O-O 18. gxf4 Nxf4 19. Nxf4 gxf4 20. Bh4 Qe7 21. Nb5 Rfc8
22. Bd3 Kh7 23. Rdg1 Bh3 24. Bf1 Bxf1 25. Rxf1 c6 26. Nd4 c5 27. Nf5 Qf8 28.
Rhg1 Rd8 29. Rg2 Qf7 30. Rfg1 Rg8 31. Nxd6 Qd7 32. Nf5 Qf7 33. Bxf6 Qxf6 34.
Rxg8 Rxg8 35. Rxg8 Kxg8 36. Qa4 Kf7 37. Qd7+ Kg6 38. Qe8+ Kh7 39. Qxh5 1-0

[Event "Labour Day op"]
[Site "Toronto CAN"]
[Date "1996.08.31"]
[Round "1"]
[White "Frialde, Arniel"]
[Black "Yue (Young), Oliver"]
[Result "0-1"]
[WhiteElo "2312"]
[BlackElo "2055"]
[PlyCount "72"]
[EventDate "1996.08.31"]
[EventType "swiss"]
[EventRounds "6"]
[EventCountry "CAN"]

1. d4 d5 2. Nf3 Nf6 3. Bf4 e6 4. e3 Bd6 5. Bg3 b6 6. Nbd2 O-O 7. Ne5 Ba6 8.
Bxa6 Nxa6 9. O-O c5 10. Bh4 Rc8 11. c3 Nb8 12. f4 Nbd7 13. Bxf6 Nxf6 14. Rf3 g6
15. Rh3 h5 16. Qc2 Kg7 17. Rg3 Bxe5 18. fxe5 Ng4 19. Rf1 Qh4 20. Nf3 Nxe3 21.
Nxh4 Nxc2 22. Rc1 Nxd4 23. cxd4 cxd4 24. Rxc8 Rxc8 25. Rb3 f6 26. Rg3 fxe5 27.
Rxg6+ Kf7 28. Rh6 e4 29. Kf2 Rc2+ 30. Kg3 d3 31. Nf3 e3 32. Ne5+ Kg7 33. Rg6+
Kh7 34. Rg5 d2 35. Nd7 d1=Q 36. Nf8+ Kh8 0-1

[Event "Labour Day op"]
[Site "Victoria CAN"]
[Date "1996.09.02"]
[Round "5"]
[White "Basanta, Gary"]
[Black "Moore, Harry"]
[Result "1-0"]
[WhiteElo "2370"]
[BlackElo "2300"]
[PlyCount "35"]
[EventDate "1996.08.31"]
[EventType "swiss"]
[EventRounds "6"]
[EventCountry "CAN"]

1. e4 e6 2. d4 d5 3. Nd2 Nf6 4. e5 Nfd7 5. Bd3 c5 6. c3 Nc6 7. Ne2 cxd4 8. cxd4
f6 9. exf6 Nxf6 10. O-O Bd6 11. f4 Qc7 12. Nf3 O-O 13. Bd2 Qb6 14. Kh1 Qxb2 15.
Rb1 Qxa2 16. Nc1 Qa3 17. Rb3 Qa4 18. Bb5 1-0

[Event "Labour Day op"]
[Site "Winnipeg CAN"]
[Date "1996.08.31"]
[Round "1"]
[White "Huggan, Philip"]
[Black "Roque, Rodolfo"]
[Result "0-1"]
[WhiteElo "1452"]
[BlackElo "1834"]
[PlyCount "108"]
[EventDate "1996.08.31"]
[EventType "swiss"]
[EventRounds "6"]
[EventCountry "CAN"]

1. e4 c6 2. d4 d5 3. Nc3 dxe4 4. Nxe4 Bf5 5. Ng3 Bg6 6. h4 h6 7. Nf3 Nd7 8. h5
Bh7 9. Bd3 Ngf6 10. Bxh7 Nxh7 11. Ne4 e6 12. Bf4 Ndf6 13. Nxf6+ Nxf6 14. Qd3
Be7 15. O-O-O Qa5 16. Kb1 O-O-O 17. Ne5 Rhf8 18. Rh3 Nd5 19. Bd2 Nb4 20. Bxb4
Qxb4 21. c3 Qa4 22. Rhh1 Rd5 23. Rd2 Qa5 24. Qh7 Rxd4 25. Rxd4 Qxe5 26. Rhd1
Bf6 27. Rd7 Qxh5 28. Qd3 Qf5 29. Qxf5 exf5 30. R7d6 Bg5 31. Rd7 h5 32. g3 f4
33. gxf4 Bxf4 34. R7d4 g5 35. Rh1 Rh8 36. Kc2 Be5 37. Re4 f6 38. Kd3 Kd7 39.
Rh3 Ke6 40. f4 gxf4 41. Rh4 Kf5 42. Re1 a6 43. b3 Rd8+ 44. Kc2 Kg5 45. Reh1 f3
46. Rxh5+ Kg4 47. Rh7 f2 48. Rf1 Kf3 49. Rhh1 Ke2 50. c4 Rd2+ 51. Kb1 Rb2+ 52.
Kc1 Rxa2 53. Rxf2+ Kxf2 54. Rh2+ Bxh2 0-1

[Event "Labour Day op"]
[Site "Winnipeg CAN"]
[Date "1996.08.31"]
[Round "2"]
[White "Roque, Rodolfo"]
[Black "Nikouline, Alexandre"]
[Result "1-0"]
[WhiteElo "1834"]
[BlackElo "2021"]
[PlyCount "51"]
[EventDate "1996.08.31"]
[EventType "swiss"]
[EventRounds "6"]
[EventCountry "CAN"]

1. d4 Nf6 2. c4 e6 3. a3 c5 4. e3 Nc6 5. Nf3 b6 6. Nc3 Bb7 7. d5 exd5 8. cxd5
Na5 9. e4 d6 10. Bd3 c4 11. Bc2 Nd7 12. O-O Be7 13. Nd4 O-O 14. f4 Bf6 15. Be3
Nc5 16. e5 dxe5 17. fxe5 Bg5 18. Bxh7+ Kxh7 19. Qh5+ Bh6 20. Bxh6 gxh6 21. Rf6
Qxf6 22. exf6 Rg8 23. Qxf7+ Kh8 24. Qh5 Kh7 25. Nf5 Rg6 26. Nxh6 1-0

[Event "Labour Day op"]
[Site "Winnipeg CAN"]
[Date "1996.09.01"]
[Round "3"]
[White "Roque, Rodolfo"]
[Black "Lauritson, Jim"]
[Result "0-1"]
[WhiteElo "1834"]
[BlackElo "2003"]
[PlyCount "104"]
[EventDate "1996.08.31"]
[EventType "swiss"]
[EventRounds "6"]
[EventCountry "CAN"]

1. d4 f5 2. e4 fxe4 3. Bg5 Nf6 4. d5 g6 5. Bxf6 exf6 6. Qd4 Bg7 7. Nc3 Qe7 8.
O-O-O f5 9. Qe3 d6 10. h4 Nd7 11. Bb5 a6 12. Bxd7+ Bxd7 13. Nh3 b6 14. f3 exf3
15. Qxf3 O-O-O 16. Nf4 Bh6 17. Kb1 Bxf4 18. Qxf4 Rde8 19. Qc4 Kb7 20. a4 Qe3
21. Rdf1 Qc5 22. Qb3 h6 23. Rf4 Re7 24. Rc4 Qf2 25. Nd1 Qd2 26. Qc3 Qxc3 27.
Nxc3 Rhe8 28. Rd4 Re1+ 29. Rxe1 Rxe1+ 30. Ka2 Rf1 31. Kb3 Rf2 32. g3 Rf3 33.
Rd3 Rxd3 34. cxd3 Kc8 35. Ne2 g5 36. hxg5 hxg5 37. Nd4 f4 38. gxf4 gxf4 39. Kc3
Kd8 40. Kd2 Ke7 41. Ne2 f3 42. Nf4 Kf6 43. Ke3 Bxa4 44. Kxf3 Ke5 45. Ke3 Bd7
46. d4+ Kf5 47. Nd3 a5 48. Nc1 b5 49. Nb3 a4 50. Na5 Be8 51. Kd3 Bf7 52. Nc6
Bxd5 0-1

[Event "Labour Day op"]
[Site "Winnipeg CAN"]
[Date "1996.09.01"]
[Round "4"]
[White "Hassain, Mahmud"]
[Black "Nikouline, Alexandre"]
[Result "1-0"]
[WhiteElo "1927"]
[BlackElo "2021"]
[PlyCount "55"]
[EventDate "1996.08.31"]
[EventType "swiss"]
[EventRounds "6"]
[EventCountry "CAN"]

1. e4 e5 2. Nf3 Nc6 3. Bb5 a6 4. Ba4 Nf6 5. O-O Be7 6. Re1 b5 7. Bb3 O-O 8. c3
d5 9. exd5 Nxd5 10. Nxe5 Nxe5 11. Rxe5 c6 12. d4 Bd6 13. Re1 Qh4 14. g3 Qh3 15.
Bxd5 cxd5 16. Qf3 Bg4 17. Qxd5 Rae8 18. Be3 Re6 19. Nd2 Kh8 20. a4 Rfe8 21. Qg2
Qh5 22. f4 f5 23. Qf2 R8e7 24. axb5 Qe8 25. Nc4 axb5 26. Nxd6 Rxd6 27. Bd2 Be2
28. Rxe2 1-0

[Event "Labour Day op"]
[Site "Winnipeg CAN"]
[Date "1996.09.01"]
[Round "4"]
[White "Lauritson, Jim"]
[Black "Waissbluth, Boris"]
[Result "0-1"]
[WhiteElo "2003"]
[BlackElo "2064"]
[PlyCount "118"]
[EventDate "1996.08.31"]
[EventType "swiss"]
[EventRounds "6"]
[EventCountry "CAN"]

1. e4 e5 2. Nf3 Nc6 3. Bb5 a6 4. Ba4 Nf6 5. d3 d6 6. h3 Be7 7. Nbd2 h6 8. O-O
b5 9. Bb3 Na5 10. c3 Nxb3 11. axb3 c5 12. Re1 O-O 13. Nf1 Nh7 14. d4 exd4 15.
cxd4 f5 16. e5 cxd4 17. Qxd4 dxe5 18. Qxd8 Rxd8 19. Nxe5 Bf6 20. Bf4 Bb7 21.
Rad1 g5 22. Bh2 Rxd1 23. Rxd1 Rd8 24. Rxd8+ Bxd8 25. Ne3 Be4 26. Nd7 Nf6 27.
Nc5 f4 28. Ng4 Nxg4 29. Nxe4 Ne5 30. Nc5 a5 31. h4 Bb6 32. Ne4 Nd3 33. hxg5
hxg5 34. Kf1 Bd8 35. g3 fxg3 36. Bxg3 Nxb2 37. Ke2 a4 38. bxa4 bxa4 39. Kd2 Kf7
40. Kc2 Nc4 41. Kc3 Nb6 42. Kb2 Kg6 43. Ka2 Kf5 44. Nd2 Be7 45. Bc7 Nd5 46. Bb8
Nc3+ 47. Ka1 Ne4 48. Nxe4 Kxe4 49. Ba7 g4 50. Ka2 Kd3 51. Bb6 Kc4 52. Bc7 Bc5
53. Bg3 Kd3 54. Bh4 Ke2 55. Bg3 Kf3 56. Bh4 Bxf2 57. Be7 g3 58. Bd6 g2 59. Bh2
Bc5 0-1

[Event "Labour Day op U2000"]
[Site "Toronto CAN"]
[Date "1996.08.31"]
[Round "1"]
[White "Veltmann, Alfred"]
[Black "Baltgailis, Vesma"]
[Result "1-0"]
[WhiteElo "1857"]
[BlackElo "1974"]
[PlyCount "131"]
[EventDate "1996.08.31"]
[EventType "swiss"]
[EventRounds "6"]
[EventCountry "CAN"]

1. e4 c5 2. Nf3 g6 3. d4 Bg7 4. Bc4 Nf6 5. Qe2 O-O 6. c3 d5 7. exd5 cxd4 8.
Nxd4 Nxd5 9. Nc2 Nc6 10. O-O Nb6 11. Bb5 a6 12. Bxc6 bxc6 13. Bf4 Nd5 14. Bg5
Qb6 15. Nca3 a5 16. Qc2 Bf5 17. Qb3 Qc7 18. Qc4 Rfb8 19. Bc1 e5 20. Qe2 Nf4 21.
Bxf4 exf4 22. Nc4 Re8 23. Qf3 Be4 24. Qh3 c5 25. Nbd2 Bb7 26. Qd3 Rad8 27. Qc2
Re2 28. Rae1 f3 29. Rxe2 fxe2 30. Re1 Re8 31. Ne3 Qc6 32. Nf3 Ba6 33. c4 Re4
34. Rxe2 Bh6 35. b3 a4 36. Nd5 Rxe2 37. Qxe2 Qe6 38. Qxe6 fxe6 39. Nc7 axb3 40.
axb3 Bc8 41. Nb5 Bf4 42. g3 Bb8 43. Nd2 Bb7 44. Nc3 Be5 45. Nde4 Bxe4 46. Nxe4
Bd4 47. Kf1 h6 48. Ke2 g5 49. h3 e5 50. g4 Kf7 51. Nd6+ Kg6 52. f3 h5 53. Kd3
hxg4 54. hxg4 Kf6 55. Ke4 Ke6 56. Nf5 Bb2 57. Ne3 Kd6 58. Nc2 Bc3 59. Kf5 Bd2
60. Na3 Bf4 61. Nb5+ Kc6 62. Nc3 Kb6 63. Nd5+ Ka5 64. Ke6 Bh2 65. Kf5 Bf4 66.
Nxf4 1-0

[Event "Labour Day op U2000"]
[Site "Toronto CAN"]
[Date "1996.08.31"]
[Round "2"]
[White "Veltmann, Alfred"]
[Black "Trbic, Milan"]
[Result "1-0"]
[WhiteElo "1857"]
[BlackElo "1935"]
[PlyCount "161"]
[EventDate "1996.08.31"]
[EventType "swiss"]
[EventRounds "6"]
[EventCountry "CAN"]

1. e4 c6 2. d4 d5 3. Nc3 dxe4 4. Nxe4 Bf5 5. Ng3 Bg6 6. Nf3 Nd7 7. Bd3 e6 8.
O-O Ngf6 9. Re1 Be7 10. c3 Qc7 11. Qe2 Bxd3 12. Qxd3 Rd8 13. Qe2 O-O 14. Bg5
Rfe8 15. Ne5 Nxe5 16. Qxe5 Qb6 17. Qe2 Rd5 18. Bf4 Red8 19. Rad1 Rb5 20. Bc1
Rbd5 21. Be3 Qc7 22. Bc1 Qd7 23. Bf4 Bd6 24. Bxd6 Qxd6 25. Rb1 c5 26. dxc5 Qxc5
27. Rbd1 Qd6 28. Rxd5 Qxd5 29. Nf1 Qxa2 30. Rd1 Rxd1 31. Qxd1 Qd5 32. Ne3 Qxd1+
33. Nxd1 Kf8 34. Kf1 Ke7 35. Ke2 Kd6 36. Kd3 Nd5 37. g3 Kc5 38. b3 b5 39. b4+
Kd6 40. f3 Ke5 41. Nf2 f5 42. f4+ Kd6 43. Kd4 h6 44. h4 Nf6 45. c4 bxc4 46.
Kxc4 a6 47. Kd4 g6 48. Nd3 Nd7 49. Kc4 Nb6+ 50. Kd4 Nd5 51. Kc4 Ne3+ 52. Kd4
Nf1 53. Nc5 Nxg3 54. Nxa6 Nh5 55. Ke3 Nf6 56. b5 Nd5+ 57. Kf3 e5 58. fxe5+ Kxe5
59. Nb8 Nb6 60. Nc6+ Kf6 61. Nd4 g5 62. Kg3 Ke5 63. Nf3+ Kf6 64. Nd4 Nd5 65.
Nc6 g4 66. Na5 h5 67. Nc4 f4+ 68. Kf2 Ne7 69. b6 Kf5 70. Na5 Ke4 71. b7 g3+ 72.
Kg2 Nf5 73. b8=Q Ne3+ 74. Kg1 f3 75. Qb7+ Kf4 76. Qb4+ Kf5 77. Qb5+ Kg4 78.
Qd7+ Kf4 79. Qd4+ Kf5 80. Qxe3 Kg4 81. Qe4+ 1-0

[Event "Labour Day op U2000"]
[Site "Toronto CAN"]
[Date "1996.09.01"]
[Round "3"]
[White "Dutton, Mark"]
[Black "Veltmann, Alfred"]
[Result "1-0"]
[WhiteElo "1996"]
[BlackElo "1857"]
[PlyCount "78"]
[EventDate "1996.08.31"]
[EventType "swiss"]
[EventRounds "6"]
[EventCountry "CAN"]

1. Nf3 Nf6 2. g3 g6 3. d4 Bg7 4. Bg2 O-O 5. c4 d5 6. cxd5 Qxd5 7. Nc3 Qa5 8.
O-O Nbd7 9. Bd2 c6 10. e4 Qd8 11. Rc1 Nb6 12. b3 Bg4 13. Be3 Rc8 14. h3 Bxf3
15. Qxf3 h6 16. h4 Qd7 17. Rfd1 Qg4 18. d5 c5 19. Ne2 Nbd7 20. Bf4 Qxf3 21.
Bxf3 h5 22. Bg2 Rfd8 23. f3 Kh7 24. Bh3 Ne8 25. Rf1 b6 26. Nc3 Bh6 27. Bxh6
Kxh6 28. Nb5 a6 29. Na7 Rc7 30. Nc6 Ra8 31. Bxd7 Rxd7 32. Ne5 Rb7 33. Nxf7+ Kg7
34. Ng5 Kf6 35. f4 Rba7 36. Rf2 b5 37. f5 c4 38. fxg6+ Kxg6 39. bxc4 bxc4 1-0

[Event "Labour Day op U2000"]
[Site "Toronto CAN"]
[Date "1996.09.01"]
[Round "4"]
[White "Edwards, Geoffrey"]
[Black "Veltmann, Alfred"]
[Result "1-0"]
[WhiteElo "2001"]
[BlackElo "1857"]
[PlyCount "50"]
[EventDate "1996.08.31"]
[EventType "swiss"]
[EventRounds "6"]
[EventCountry "CAN"]

1. e4 d5 2. exd5 Qxd5 3. Nc3 Qa5 4. d4 Nf6 5. Bd2 c6 6. Bc4 Qh5 7. Qxh5 Nxh5 8.
Nf3 Bf5 9. O-O-O Nd7 10. d5 Nb6 11. Bb3 Bg4 12. Rhe1 Nf6 13. dxc6 bxc6 14. Ne5
e6 15. f3 Bh5 16. Nxc6 a6 17. Be3 Nfd7 18. Na4 Nc8 19. Bg5 Be7 20. Bxe7 Nxe7
21. Bxe6 fxe6 22. Rxe6 O-O 23. Rxd7 Nf5 24. Nb6 Rae8 25. Rxe8 Rxe8 1-0

[Event "Labour Day op U2000"]
[Site "Toronto CAN"]
[Date "1996.09.06"]
[Round "5"]
[White "Veltmann, Alfred"]
[Black "Dynna, Mark"]
[Result "0-1"]
[WhiteElo "1857"]
[BlackElo "1861"]
[PlyCount "62"]
[EventDate "1996.08.31"]
[EventType "swiss"]
[EventRounds "6"]
[EventCountry "CAN"]

1. e4 c5 2. Nf3 d6 3. Bb5+ Bd7 4. Qe2 a6 5. Bxd7+ Nxd7 6. Nc3 Ngf6 7. d4 cxd4
8. Nxd4 g6 9. O-O Bg7 10. Kh1 O-O 11. f4 Nc5 12. Nb3 Nxb3 13. cxb3 b5 14. b4
Rc8 15. a4 Rc4 16. axb5 axb5 17. Ra5 Rxb4 18. Rxb5 Rxb5 19. Qxb5 Qb8 20. Qxb8
Rxb8 21. h3 Nd7 22. Rf3 Nc5 23. g4 Kf8 24. g5 Rb4 25. f5 Nxe4 26. Nd5 Rd4 27.
Ne3 gxf5 28. Kg2 e6 29. h4 Rb4 30. Nd1 Rc4 31. Be3 Rc2+ 0-1

[Event "Labour Day op U2000"]
[Site "Toronto CAN"]
[Date "1996.09.02"]
[Round "6"]
[White "Jew, Harold"]
[Black "Veltmann, Alfred"]
[Result "0-1"]
[WhiteElo "1893"]
[BlackElo "1857"]
[PlyCount "92"]
[EventDate "1996.08.31"]
[EventType "swiss"]
[EventRounds "6"]
[EventCountry "CAN"]

1. b4 e5 2. Bb2 d6 3. e4 Nf6 4. g3 Nxe4 5. Bg2 Nf6 6. Ne2 Be7 7. O-O O-O 8. d4
exd4 9. Nxd4 c6 10. c4 d5 11. c5 a5 12. a3 axb4 13. axb4 Rxa1 14. Bxa1 Na6 15.
Bc3 Nc7 16. Nd2 Ne6 17. Nf5 Nc7 18. Nxe7+ Qxe7 19. Re1 Qd8 20. Qa1 Re8 21. Re5
Rxe5 22. Bxe5 Nfe8 23. Nf3 f6 24. Bf4 Nb5 25. Bf1 Bg4 26. Kg2 Nec7 27. h3 Bxf3+
28. Kxf3 d4 29. Bc4+ Kh8 30. Qa5 Qc8 31. Bxc7 Nxc7 32. b5 cxb5 33. Bxb5 Qf5+
34. Kg2 Qxc5 35. Qa4 Qxb5 36. Qxd4 Qd5+ 37. Qxd5 Nxd5 38. h4 Kg8 39. Kf3 Kf7
40. Ke4 Ke6 41. Kd4 Kd6 42. g4 b5 43. g5 fxg5 44. hxg5 b4 45. Kc4 Ke5 46. f3 g6
0-1

[Event "Labour Day op U2200"]
[Site "Toronto CAN"]
[Date "1996.08.31"]
[Round "2"]
[White "Veltmann, Martin"]
[Black "Allen, Graham"]
[Result "1-0"]
[WhiteElo "2254"]
[BlackElo "2057"]
[PlyCount "63"]
[EventDate "1996.08.31"]
[EventType "swiss"]
[EventRounds "6"]
[EventCountry "CAN"]

1. c4 Nf6 2. Nc3 g6 3. e4 d6 4. d4 Bg7 5. f3 O-O 6. Be3 e5 7. d5 c6 8. Qd2 cxd5
9. cxd5 Qa5 10. Bd3 Na6 11. Nge2 Bd7 12. O-O Nh5 13. a3 f5 14. b4 Qd8 15. Nb5
f4 16. Bf2 Bxb5 17. Bxb5 Nc7 18. Bd3 Qd7 19. Rfc1 b5 20. Rc6 Nf6 21. Rac1 Nfe8
22. Nc3 a6 23. a4 Rb8 24. axb5 axb5 25. Qe2 Rf7 26. Nxb5 Nxb5 27. Bxb5 Bf6 28.
Qc4 Bd8 29. Ba6 Nc7 30. b5 Na8 31. Bc8 Qe7 32. Be6 1-0